[Event "35 Andorra Open"]
[Site "Escaldes"]
[Date "2017.07.26"]
[Round "5.4"]
[White "Landa, Konstantin"]
[Black "Riff, Jean-Noel"]
[Result "0-1"]
[WhiteElo "2617"]
[BlackElo "2493"]
[PlyCount "110"]
[EventDate "2017.07.22"]
[EventType "swiss"]
[EventRounds "9"]
[EventCountry "AND"]
[WhiteClock "0:02:28"]
[BlackClock "0:21:10"]

1. e4 c5 2. Nf3 d6 3. Bb5+ Bd7 4. c4 Nf6 5. Nc3 g6 6. d4 cxd4 7. Nxd4 Bg7 8.
O-O O-O 9. h3 Bxb5 10. Ndxb5 Nbd7 11. Qe2 a6 12. Na3 Rc8 13. Bd2 e6 14. Rad1
Qc7 15. Bf4 Ne5 16. b3 Nh5 17. Bh2 Rfd8 18. Nab1 Nc6 19. Qe3 Nf6 20. Rd2 e5 21.
Bg3 h6 22. Rc1 Qa5 23. f3 b5 24. Be1 bxc4 25. bxc4 Nd4 26. Ne2 Qc5 27. Bf2 d5
28. Nxd4 exd4 29. Rxd4 Re8 30. Qd3 dxe4 31. Rxe4 Qg5 32. f4 Qa5 33. Rxe8+ Rxe8
34. Nc3 Rd8 35. Qc2 Qc7 36. Ne2 Qc6 37. Nd4 Qc7 38. Ne2 Qc6 39. Nd4 Qc7 40. g3
h5 41. Nf3 Qb7 42. Ng5 h4 43. gxh4 Nh5 44. c5 Nxf4 45. c6 Qc7 46. Re1 Bf6 47.
Re3 Bd4 48. Rf3 Bxf2+ 49. Rxf2 Re8 50. Ne4 Nxh3+ 51. Kg2 Nxf2 52. Nf6+ Kf8 53.
Qc5+ Re7 54. Nd5 Ne4 55. Qa3 Qd6 0-1

[Event "35 Andorra Open"]
[Site "Escaldes"]
[Date "2017.07.26"]
[Round "5.5"]
[White "Dvirnyy, Danyyil"]
[Black "Arjun, Kalyan"]
[Result "1/2-1/2"]
[WhiteElo "2558"]
[BlackElo "2347"]
[PlyCount "36"]
[EventDate "2017.07.22"]
[EventType "swiss"]
[EventRounds "9"]
[EventCountry "AND"]
[WhiteClock "0:28:48"]
[BlackClock "0:53:38"]

1. d4 d5 2. c4 c6 3. Nf3 Nf6 4. Nbd2 Bf5 5. Nh4 Be4 6. Qb3 Qc7 7. e3 e6 8. f3
Bg6 9. g3 Be7 10. Be2 O-O 11. Nxg6 hxg6 12. O-O c5 13. cxd5 Nxd5 14. e4 Nb6 15.
Qc3 Nc6 16. dxc5 Na4 17. Qc4 Nxc5 18. f4 Qb6 1/2-1/2

[Event "35 Andorra Open"]
[Site "Escaldes"]
[Date "2017.07.26"]
[Round "5.6"]
[White "Akshat, Khamparia"]
[Black "Baron, Tal"]
[Result "1-0"]
[WhiteElo "2342"]
[BlackElo "2547"]
[PlyCount "117"]
[EventDate "2017.07.22"]
[EventType "swiss"]
[EventRounds "9"]
[EventCountry "AND"]
[WhiteClock "0:07:59"]
[BlackClock "0:02:40"]

1. d4 e6 2. c4 Nf6 3. Nc3 Bb4 4. Qc2 d5 5. cxd5 exd5 6. Bg5 h6 7. Bxf6 Qxf6 8.
a3 Bxc3+ 9. Qxc3 c6 10. e3 O-O 11. Nf3 Bf5 12. Be2 Nd7 13. b4 Be4 14. O-O Qg6
15. Ne1 a6 16. g3 Qe6 17. f3 Bh7 18. Ng2 Rfc8 19. a4 b5 20. a5 Nf6 21. Bd1 Ra7
22. Bb3 Qd6 23. Rac1 Re7 24. Rf2 Ne8 25. Re1 Rcc7 26. Rfe2 Rcd7 27. Bc2 Qf6 28.
Bxh7+ Kxh7 29. Nf4 Rd8 30. Kg2 Rc7 31. Nd3 Qd6 32. Rc2 g6 33. Rec1 Qf6 34. Nc5
Ra7 35. Rd1 Nd6 36. e4 dxe4 37. fxe4 Nc4 38. Rf2 Qg5 39. Rd3 Re8 40. Rdf3 f5
41. Rf4 Qd8 42. Kg1 Nd6 43. e5 Nc4 44. g4 Qd5 45. Rg2 Rg8 46. Qf3 Qxf3 47. Rxf3
fxg4 48. Rxg4 g5 49. Ne4 Rg6 50. Rfg3 Rf7 51. h4 gxh4 52. Rxg6 hxg3 53. Rxg3
Rg7 54. Rxg7+ Kxg7 55. Nc5 Kf7 56. Nxa6 Ke6 57. Nc5+ Kd5 58. a6 Nb6 59. a7 1-0

[Event "35 Andorra Open"]
[Site "Escaldes"]
[Date "2017.07.26"]
[Round "5.7"]
[White "Steinberg, Nitzan"]
[Black "Fell, Sebastian"]
[Result "1-0"]
[WhiteElo "2543"]
[BlackElo "2343"]
[PlyCount "23"]
[EventDate "2017.07.22"]
[EventType "swiss"]
[EventRounds "9"]
[EventCountry "AND"]
[WhiteClock "1:08:35"]
[BlackClock "1:24:25"]

1. e4 e6 2. d4 d5 3. e5 c5 4. c3 Nc6 5. Nf3 Qb6 6. Na3 cxd4 7. cxd4 Nge7 8. Nc2
Nf5 9. Bd3 Nb4 10. Nxb4 Bxb4+ 11. Kf1 O-O 12. g4 1-0

[Event "35 Andorra Open"]
[Site "Escaldes"]
[Date "2017.07.26"]
[Round "5.8"]
[White "Forcen Esteban, Daniel"]
[Black "Akash Pc, Iyer"]
[Result "1-0"]
[WhiteElo "2536"]
[BlackElo "2300"]
[PlyCount "53"]
[EventDate "2017.07.22"]
[EventType "swiss"]
[EventRounds "9"]
[EventCountry "AND"]
[WhiteClock "1:17:23"]
[BlackClock "0:09:28"]

1. e4 e5 2. Nf3 Nc6 3. Bc4 Bc5 4. c3 Nf6 5. d4 exd4 6. e5 d5 7. Bb5 Ne4 8. cxd4
Bb6 9. Nc3 O-O 10. Be3 Bg4 11. h3 Bh5 12. Qc2 Bg6 13. Qb3 Ne7 14. O-O c6 15.
Bd3 Nf5 16. Rfe1 Nxe3 17. Rxe3 Nxc3 18. Bxg6 hxg6 19. bxc3 Qe7 20. Rae1 Rfe8
21. h4 Rad8 22. g3 c5 23. Kg2 Qd7 24. Qb1 Qg4 25. e6 Rxe6 26. Rxe6 fxe6 27. Re5
1-0

[Event "35 Andorra Open"]
[Site "Escaldes"]
[Date "2017.07.26"]
[Round "5.9"]
[White "Andre, Gordon"]
[Black "Kogan, Arthur"]
[Result "0-1"]
[WhiteElo "2259"]
[BlackElo "2529"]
[PlyCount "130"]
[EventDate "2017.07.22"]
[EventType "swiss"]
[EventRounds "9"]
[EventCountry "AND"]

1. d4 Nf6 2. c4 e6 3. Nc3 Bb4 4. e3 d6 5. Nge2 c6 6. a3 Ba5 7. b4 Bc7 8. Ng3 h5
9. d5 a5 10. Rb1 axb4 11. axb4 h4 12. Nge4 Nxe4 13. Nxe4 f5 14. Nc3 Qg5 15. e4
Qg6 16. exf5 exf5 17. Be2 Qxg2 18. Bf3 Qg6 19. Kf1 f4 20. Rg1 Bh3+ 21. Bg2 Qf5
22. Qf3 Bg4 23. Qe4+ Qxe4 24. Bxe4 Bh3+ 25. Ke2 O-O 26. Bb2 Rf7 27. Rg5 Bd8 28.
Rgg1 Bf6 29. Ra1 Rxa1 30. Rxa1 Re7 31. Ra8 Re8 32. Kd2 Kf7 33. f3 Bd4 34. Nd1
Bg1 35. dxc6 bxc6 36. Ra5 Bxh2 37. Nf2 Be6 38. Rg5 Rg8 39. Bh7 Rd8 40. Rxg7+
Kf8 41. Bd3 d5 42. cxd5 Rxd5 43. Rh7 Bg3 44. Ne4 Nd7 45. Ke2 Bf5 46. Rh6 Ne5
47. Bc2 Nc4 48. Bc3 Bxe4 49. Bxe4 Rd6 50. Rh8+ Kf7 51. Rh7+ Ke8 52. Rh5 Re6 53.
Kd3 Ne3 54. Rh8+ Kd7 55. Rh7+ Kc8 56. Rh8+ Kc7 57. Rh7+ Kd8 58. Rh8+ Kd7 59.
Ke2 Nd5 60. Bd2 Nf6 61. Kd3 Rd6+ 62. Ke2 Nxe4 63. fxe4 f3+ 64. Ke3 f2 65. Rf8
h3 0-1

[Event "35 Andorra Open"]
[Site "Escaldes"]
[Date "2017.07.26"]
[Round "5.10"]
[White "Del Rio De Angelis, Salvador G"]
[Black "Tahay, Alexis"]
[Result "1/2-1/2"]
[WhiteElo "2522"]
[BlackElo "2290"]
[PlyCount "76"]
[EventDate "2017.07.22"]
[EventType "swiss"]
[EventRounds "9"]
[EventCountry "AND"]

1. d4 Nf6 2. Nf3 c5 3. e3 d5 4. Be2 Nc6 5. dxc5 e6 6. a3 a5 7. c4 Bxc5 8. Nc3
O-O 9. O-O Qe7 10. cxd5 exd5 11. Nxd5 Nxd5 12. Qxd5 Bg4 13. Qd1 Rfd8 14. Bd2
Rac8 15. Qe1 a4 16. Bc3 Bd6 17. Rd1 Bb8 18. Nd4 Bxe2 19. Qxe2 Nxd4 20. Rxd4 Be5
21. Rxd8+ Rxd8 22. Bxe5 Qxe5 23. Rd1 Rxd1+ 24. Qxd1 h5 25. Qd4 Qb5 26. g3 g6
27. h4 Qc6 28. e4 b5 29. Kg2 Qc2 30. Kf3 Kh7 31. Qc3 Qd1+ 32. Ke3 Kg8 33. e5
Qd5 34. f4 Kf8 35. Qc8+ Ke7 36. Qc7+ Ke6 37. Qc8+ Ke7 38. Qc7+ Ke6 1/2-1/2

[Event "35 Andorra Open"]
[Site "Escaldes"]
[Date "2017.07.26"]
[Round "5.11"]
[White "Srijit, Paul"]
[Black "Valsecchi, Alessio"]
[Result "1/2-1/2"]
[WhiteElo "2247"]
[BlackElo "2506"]
[PlyCount "70"]
[EventDate "2017.07.22"]
[EventType "swiss"]
[EventRounds "9"]
[EventCountry "AND"]

1. e4 c5 2. Nf3 e6 3. d4 cxd4 4. Nxd4 Nf6 5. Nc3 d6 6. Be2 Be7 7. O-O O-O 8.
Be3 Nc6 9. f4 e5 10. Nb3 a5 11. a4 Nb4 12. Bf3 Be6 13. Kh1 Rc8 14. Rf2 Nd7 15.
Rd2 exf4 16. Bxf4 Bg5 17. Ne2 Qf6 18. Bxg5 Qxg5 19. Nbd4 Ne5 20. b3 Nxf3 21.
Nxf3 Qe3 22. Ng3 Bg4 23. c4 Rcd8 24. Re2 Qc5 25. Qg1 Nd3 26. Rd1 Ne5 27. Qe3 f5
28. exf5 Nxf3 29. gxf3 Rde8 30. Qd3 Bh3 31. Rde1 Rxe2 32. Rxe2 Bxf5 33. Nxf5
Qxf5 34. Qxf5 Rxf5 35. Kg2 Kf7 1/2-1/2

[Event "35 Andorra Open"]
[Site "Escaldes"]
[Date "2017.07.26"]
[Round "5.12"]
[White "Zoler, Dan"]
[Black "Shevelev, Dmitri"]
[Result "1-0"]
[WhiteElo "2499"]
[BlackElo "2283"]
[PlyCount "65"]
[EventDate "2017.07.22"]
[EventType "swiss"]
[EventRounds "9"]
[EventCountry "AND"]

1. d4 d5 2. c4 c6 3. Nf3 Nf6 4. Nc3 dxc4 5. a4 e6 6. e3 c5 7. Bxc4 cxd4 8. Nxd4
Bd7 9. O-O Nc6 10. Nf3 Bb4 11. e4 Qa5 12. Qe2 Ne5 13. Nxe5 Qxe5 14. f4 Qh5 15.
Qxh5 Nxh5 16. e5 Rc8 17. Bb5 Bxc3 18. bxc3 g6 19. Ba3 Rxc3 20. Rac1 Rc6 21.
Bxc6 Bxc6 22. g4 Ng7 23. Rxc6 bxc6 24. Rb1 Kd7 25. Rb7+ Kc8 26. Rxf7 Ne8 27.
Rxa7 h5 28. g5 Rg8 29. Bc5 Rg7 30. Ra8+ Kd7 31. Bb6 c5 32. a5 Nc7 33. Bxc7 1-0

[Event "35 Andorra Open"]
[Site "Escaldes"]
[Date "2017.07.26"]
[Round "5.13"]
[White "Cimer, Emanuel"]
[Black "Kobo, Ori"]
[Result "1/2-1/2"]
[WhiteElo "2213"]
[BlackElo "2494"]
[PlyCount "58"]
[EventDate "2017.07.22"]
[EventType "swiss"]
[EventRounds "9"]
[EventCountry "AND"]

1. e4 e6 2. Nf3 d5 3. Nc3 d4 4. Ne2 c5 5. c3 Nf6 6. Ng3 a6 7. d3 Nc6 8. Be2 Bd6
9. cxd4 cxd4 10. O-O h5 11. Ne1 h4 12. Nh1 Qb6 13. f4 e5 14. f5 Bd7 15. Nf2
O-O-O 16. Rb1 Kb8 17. Bg5 Rc8 18. a3 Rh7 19. Nf3 Rch8 20. Qc2 Ne8 21. Rfc1 f6
22. Bd2 Nc7 23. Be1 g6 24. Nd2 Bf8 25. Nc4 Qa7 26. fxg6 Rg7 27. Bg4 Bxg4 28.
Nxg4 Rxg6 29. h3 Rh7 1/2-1/2

[Event "35 Andorra Open"]
[Site "Escaldes"]
[Date "2017.07.26"]
[Round "5.14"]
[White "Comas Fabrego, Lluis"]
[Black "Fernandez Soriano, Ruben"]
[Result "1/2-1/2"]
[WhiteElo "2481"]
[BlackElo "2199"]
[PlyCount "31"]
[EventDate "2017.07.22"]
[EventType "swiss"]
[EventRounds "9"]
[EventCountry "AND"]

1. Nf3 Nf6 2. b3 e6 3. Bb2 b6 4. e3 Bb7 5. d4 g6 6. Nbd2 Bg7 7. c4 O-O 8. Be2
Ne4 9. Nxe4 Bxe4 10. O-O d6 11. Bd3 Bb7 12. Qe2 Nd7 13. e4 e5 14. Rad1 Qe7 15.
Rfe1 c5 16. dxc5 1/2-1/2

[Event "35 Andorra Open"]
[Site "Escaldes"]
[Date "2017.07.26"]
[Round "5.15"]
[White "Soham, Das"]
[Black "Llorente Zaro, Alfonso"]
[Result "1-0"]
[WhiteElo "2020"]
[BlackElo "2464"]
[PlyCount "81"]
[EventDate "2017.07.22"]
[EventType "swiss"]
[EventRounds "9"]
[EventCountry "AND"]

1. e4 d6 2. d4 Nf6 3. Nc3 Nbd7 4. g4 h6 5. h3 e5 6. Nge2 b5 7. Ng3 b4 8. Nd5
Bb7 9. Bg2 c6 10. Nxf6+ Qxf6 11. Be3 g6 12. Qd2 Bg7 13. g5 Qe7 14. gxh6 Bf6 15.
O-O-O a5 16. f4 Bh4 17. Ne2 Ba6 18. Ng1 Bg3 19. Nf3 Rd8 20. Bf1 Bc8 21. Bd3 Qf6
22. dxe5 dxe5 23. f5 gxf5 24. exf5 Qd6 25. Qg2 e4 26. Bxe4 Qc7 27. Kb1 Nf6 28.
Rxd8+ Kxd8 29. Bg5 Rxh6 30. Bxh6 Nxe4 31. Rd1+ Bd7 32. Ng5 Nc5 33. Ne4 Nxe4 34.
Qxe4 Kc8 35. Bg7 Kb8 36. h4 Ka8 37. h5 Qc8 38. Qe7 Bd6 39. Rxd6 Bxf5 40. Rd8
Bxc2+ 41. Kxc2 1-0

[Event "35 Andorra Open"]
[Site "Escaldes"]
[Date "2017.07.26"]
[Round "5.16"]
[White "Kaspi, Alexander"]
[Black "Gomez Anadon, Daniel"]
[Result "1/2-1/2"]
[WhiteElo "2435"]
[BlackElo "2165"]
[PlyCount "78"]
[EventDate "2017.07.22"]
[EventType "swiss"]
[EventRounds "9"]
[EventCountry "AND"]

1. d4 d5 2. c4 e6 3. Nc3 c6 4. Nf3 Nf6 5. Bg5 dxc4 6. a4 Bb4 7. e4 Bxc3+ 8.
bxc3 Qa5 9. e5 Ne4 10. Bd2 Qd5 11. a5 c5 12. Qa4+ Bd7 13. Bxc4 Bxa4 14. Bxd5
Bc6 15. Bxc6+ Nxc6 16. Ke2 cxd4 17. cxd4 Nxd2 18. Kxd2 O-O-O 19. Ra4 Rd5 20.
Rha1 Rhd8 21. Ke3 h6 22. R1a3 a6 23. g4 Kb8 24. h3 f6 25. exf6 gxf6 26. Ke4 h5
27. Ke3 hxg4 28. hxg4 Rg8 29. Kf4 Rgd8 30. Ke3 Rg8 31. Kf4 Nxd4 32. Nxd4 e5+
33. Kf3 exd4 34. Rd3 Rgd8 35. Ke4 Re5+ 36. Kf4 Red5 37. Ke4 Re5+ 38. Kf4 Red5
39. Ke4 Re5+ 1/2-1/2

[Event "35 Andorra Open"]
[Site "Escaldes"]
[Date "2017.07.26"]
[Round "5.17"]
[White "Elguezabal Selioutin, Dario"]
[Black "Hansen, Torbjorn Ringdal"]
[Result "0-1"]
[WhiteElo "1871"]
[BlackElo "2429"]
[PlyCount "58"]
[EventDate "2017.07.22"]
[EventType "swiss"]
[EventRounds "9"]
[EventCountry "AND"]

1. d4 Nf6 2. Nf3 d5 3. c4 e6 4. g3 Be7 5. Bg2 O-O 6. O-O dxc4 7. Qc2 a6 8. Qxc4
b5 9. Qc2 Bb7 10. Bg5 Nbd7 11. Bxf6 Nxf6 12. Nbd2 Rc8 13. Nb3 Be4 14. Qc3 c6
15. Ne5 Bxg2 16. Kxg2 c5 17. dxc5 Qd5+ 18. f3 b4 19. Qe3 Rxc5 20. Nd3 Rc2 21.
Rac1 Ng4 22. Qd4 Rxe2+ 23. Kg1 Qh5 24. h4 Nh2 25. Nf4 Nxf3+ 26. Rxf3 Qxf3 27.
Nxe2 Qxe2 28. Rc7 Bf6 29. Qxb4 Rd8 0-1

[Event "35 Andorra Open"]
[Site "Escaldes"]
[Date "2017.07.26"]
[Round "5.18"]
[White "Llaneza Vega, Marcos"]
[Black "Cortes Jurado, Rafael"]
[Result "1-0"]
[WhiteElo "2416"]
[BlackElo "2097"]
[PlyCount "49"]
[EventDate "2017.07.22"]
[EventType "swiss"]
[EventRounds "9"]
[EventCountry "AND"]

1. e4 e5 2. Nf3 Nf6 3. Nxe5 d6 4. Nf3 Nxe4 5. d4 d5 6. Bd3 Be7 7. O-O O-O 8. c4
Nc6 9. Nc3 Nxc3 10. bxc3 dxc4 11. Bxc4 Na5 12. Bd3 b6 13. Re1 Bb7 14. Ne5 Bd6
15. Qg4 Bxe5 16. Rxe5 Re8 17. Bf4 Rxe5 18. Bxe5 g6 19. Re1 Nc6 20. Bf4 Qd5 21.
f3 f5 22. Qh4 Qf7 23. Bh6 Rd8 24. d5 Ba8 25. Bc4 1-0

[Event "35 Andorra Open"]
[Site "Escaldes"]
[Date "2017.07.26"]
[Round "5.19"]
[White "Jerez Perez, Alfonso"]
[Black "Sokolinsky, Yaakov"]
[Result "1-0"]
[WhiteElo "2405"]
[BlackElo "1827"]
[PlyCount "83"]
[EventDate "2017.07.22"]
[EventType "swiss"]
[EventRounds "9"]
[EventCountry "AND"]

1. Nf3 d5 2. g3 Nf6 3. Bg2 e6 4. O-O Bd6 5. c4 O-O 6. b3 c6 7. Bb2 Nbd7 8. Nc3
e5 9. cxd5 cxd5 10. Nb5 Bb8 11. Ba3 Re8 12. Nd6 Bxd6 13. Bxd6 Qb6 14. Ba3 e4
15. Ne1 Ne5 16. d4 Nc6 17. Nc2 Bf5 18. Qd2 Qd8 19. Ne3 Be6 20. Rac1 Qd7 21.
Rfd1 Rac8 22. Rc2 Nb8 23. Rdc1 Rxc2 24. Rxc2 Rc8 25. f3 exf3 26. exf3 Nc6 27.
Bf1 a6 28. Bc5 Ne7 29. a4 Nf5 30. Ng2 Rc6 31. a5 Qe8 32. b4 Nd7 33. b5 axb5 34.
Bxb5 Rc8 35. g4 Nh6 36. Bb4 Qd8 37. Nf4 Rxc2 38. Qxc2 g5 39. Nh5 f5 40. Qe2 Kf7
41. Bxd7 Qxd7 42. Qe5 1-0

[Event "35 Andorra Open"]
[Site "Escaldes"]
[Date "2017.07.26"]
[Round "5.20"]
[White "Iniyan, P."]
[Black "Krithigga, K."]
[Result "1-0"]
[WhiteElo "2380"]
[BlackElo "1848"]
[PlyCount "75"]
[EventDate "2017.07.22"]
[EventType "swiss"]
[EventRounds "9"]
[EventCountry "AND"]

1. d4 d5 2. c4 e6 3. Nc3 Nf6 4. Bg5 Be7 5. e3 c6 6. Nf3 O-O 7. Rc1 Nbd7 8. Bd3
dxc4 9. Bxc4 b5 10. Bd3 a6 11. a4 Bb7 12. O-O h6 13. Bxf6 Nxf6 14. Ne4 Nd7 15.
Bb1 Rc8 16. Qc2 g6 17. Nc5 Nxc5 18. dxc5 Bf6 19. Nd2 Qe7 20. Ne4 Be5 21. a5
Rcd8 22. b4 Bc8 23. f4 Bg7 24. Ng3 Qf6 25. Qe2 Bd7 26. Rcd1 Qe7 27. e4 e5 28.
f5 Bc8 29. Ba2 Rxd1 30. Qxd1 Kh7 31. Qf3 gxf5 32. exf5 Qh4 33. Ne4 Bd7 34. g3
Qe7 35. f6 Qe8 36. Ng5+ hxg5 37. Qh5+ Kg8 38. Qxg5 1-0

[Event "35 Andorra Open"]
[Site "Escaldes"]
[Date "2017.07.26"]
[Round "5.21"]
[White "Gozzoli, Yannick"]
[Black "Serra Pages, Jordi"]
[Result "1-0"]
[WhiteElo "2594"]
[BlackElo "2232"]
[PlyCount "63"]
[EventDate "2017.07.22"]
[EventType "swiss"]
[EventRounds "9"]
[EventCountry "AND"]

1. d4 Nf6 2. Bg5 d5 3. Bxf6 gxf6 4. e3 e5 5. Nf3 Bd6 6. c4 dxc4 7. Nc3 Nc6 8.
Bxc4 O-O 9. Qd2 exd4 10. Nxd4 Nxd4 11. Qxd4 Be5 12. Qe4 Bxc3+ 13. bxc3 Qe8 14.
Qd4 Qe7 15. O-O Rd8 16. Qh4 Be6 17. Bxe6 fxe6 18. e4 Rd7 19. e5 f5 20. Qxe7
Rxe7 21. Rfd1 Kf7 22. Rab1 b6 23. Rb4 a5 24. Rh4 Ke8 25. Rhd4 a4 26. a3 Ra5 27.
f4 Rc5 28. R1d3 Ra5 29. Rd8+ Kf7 30. Rh3 Kg7 31. Rg3+ Kf7 32. Rdg8 1-0

[Event "35 Andorra Open"]
[Site "Escaldes"]
[Date "2017.07.26"]
[Round "5.22"]
[White "Sanchez, Louis"]
[Black "Degraeve, Jean-Marc"]
[Result "1-0"]
[WhiteElo "2229"]
[BlackElo "2585"]
[PlyCount "95"]
[EventDate "2017.07.22"]
[EventType "swiss"]
[EventRounds "9"]
[EventCountry "AND"]

1. Nf3 g6 2. d4 Bg7 3. e4 d6 4. Bc4 Nf6 5. Qe2 c6 6. e5 dxe5 7. dxe5 Nd5 8. h3
Nc7 9. O-O Be6 10. Nc3 Nd7 11. Re1 h6 12. Bf4 Bxc4 13. Qxc4 Ne6 14. Rad1 Nxf4
15. Qxf4 Qc7 16. h4 O-O 17. h5 g5 18. Qf5 e6 19. Qe4 Rfd8 20. Rd4 Nc5 21. Qe3
Rxd4 22. Qxd4 Nd7 23. b3 a6 24. Na4 Rd8 25. Rd1 Kf8 26. Nc5 Ke8 27. Nxd7 Rxd7
28. Qxd7+ Qxd7 29. Rxd7 Kxd7 30. g4 c5 31. c4 Kc6 32. Kf1 b5 33. cxb5+ Kxb5 34.
Ke2 Kb4 35. Kd3 Ka3 36. Kc4 Kxa2 37. Kxc5 Kxb3 38. Kd6 Kc3 39. Ke7 a5 40. Kxf7
Bh8 41. Kg8 a4 42. Kxh8 a3 43. Kg7 a2 44. Kxh6 a1=Q 45. Nxg5 Kd4 46. Nf7 Qa8
47. g5 Qf3 48. Kg6 1-0

[Event "35 Andorra Open"]
[Site "Escaldes"]
[Date "2017.07.26"]
[Round "5.23"]
[White "Aloma Vidal, Robert"]
[Black "Morros Faura, Ricard"]
[Result "1-0"]
[WhiteElo "2457"]
[BlackElo "2270"]
[PlyCount "141"]
[EventDate "2017.07.22"]
[EventType "swiss"]
[EventRounds "9"]
[EventCountry "AND"]

1. d4 Nf6 2. c4 g6 3. Nc3 Bg7 4. e4 d6 5. Nge2 Nc6 6. d5 Ne5 7. Ng3 h5 8. Be2
h4 9. Nf1 h3 10. g3 c5 11. Ne3 g5 12. Nf5 Bxf5 13. exf5 g4 14. Bf4 Nfd7 15. O-O
Qb6 16. Rb1 Bf6 17. a3 a6 18. Qa4 Kf8 19. Nd1 Qc7 20. Ne3 Rb8 21. b4 Kg7 22.
Qd1 b5 23. cxb5 axb5 24. Bxg4 c4 25. Be2 Ra8 26. Nc2 Rhc8 27. Re1 Kf8 28. Bh5
Qb7 29. Bh6+ Ke8 30. Bf3 Nxf3+ 31. Qxf3 Ne5 32. Qe4 c3 33. Rbd1 Rc4 34. Qe2 Nd7
35. Be3 Re4 36. Qf3 Re5 37. Rd3 Nb6 38. Red1 Na4 39. Bd4 Nb2 40. Bxe5 Bxe5 41.
Qg4 Kf8 42. Qxh3 Nxd3 43. Rxd3 Qa7 44. Re3 Bg7 45. Qh4 Rc8 46. Re4 Rc7 47. Qh7
Rc4 48. Rxc4 bxc4 49. Qh4 Qa6 50. f6 Bxf6 51. Qe4 Qa4 52. Kg2 Qb3 53. h4 Qb1
54. Qe2 Qc1 55. Ne3 Qxa3 56. Qxc4 Qb2 57. Qg4 Qd2 58. h5 c2 59. Qc8+ Kg7 60.
Qxc2 Qxb4 61. Nf5+ Kh8 62. Nh6 Kg7 63. Nf5+ Kh8 64. Qe2 Qb7 65. Qe4 Qa7 66. Qf3
Qa2 67. Nxd6 Kg8 68. Ne4 Bd4 69. h6 Be5 70. h7+ Kg7 71. Qh5 1-0

[Event "35 Andorra Open"]
[Site "Escaldes"]
[Date "2017.07.26"]
[Round "5.24"]
[White "Barbot, Pierre"]
[Black "Martinez Lopez, Ivan"]
[Result "0-1"]
[WhiteElo "2453"]
[BlackElo "2176"]
[PlyCount "102"]
[EventDate "2017.07.22"]
[EventType "swiss"]
[EventRounds "9"]
[EventCountry "AND"]

1. e4 d5 2. exd5 Qxd5 3. Nf3 Bg4 4. Be2 Nc6 5. d4 O-O-O 6. Be3 Nf6 7. Nbd2 Qf5
8. c4 e5 9. d5 Nd4 10. Nxd4 exd4 11. Bxd4 Bxe2 12. Qxe2 Re8 13. Be3 Bc5 14. O-O
Bxe3 15. fxe3 Qe5 16. Nf3 Qxe3+ 17. Qxe3 Rxe3 18. b3 Rhe8 19. Nd4 Rd3 20. Rad1
Rxd1 21. Rxd1 Ne4 22. Rf1 Nd2 23. Rd1 Ne4 24. g3 g6 25. Kg2 Kd7 26. Rf1 Re7 27.
h4 h5 28. Rd1 a5 29. Kf3 Nf6 30. Rd2 Re1 31. Re2 Rxe2 32. Nxe2 c6 33. Nc3 cxd5
34. Nxd5 Nxd5 35. cxd5 Kd6 36. Ke4 f6 37. Kd4 b6 38. a3 b5 39. a4 b4 40. Kc4 g5
41. Kd4 gxh4 42. gxh4 f5 43. Ke3 Kxd5 44. Kf4 Ke6 45. Kg5 Ke5 46. Kxh5 Ke4 47.
Kg6 f4 48. h5 f3 49. h6 f2 50. h7 f1=Q 51. h8=Q Qf5+ 0-1

[Event "35 Andorra Open"]
[Site "Escaldes"]
[Date "2017.07.26"]
[Round "5.25"]
[White "Rodriguez Garcia, Manuel Fco"]
[Black "Farran Martos, Francesc X"]
[Result "0-1"]
[WhiteElo "2191"]
[BlackElo "2412"]
[PlyCount "90"]
[EventDate "2017.07.22"]
[EventType "swiss"]
[EventRounds "9"]
[EventCountry "AND"]

1. c4 e5 2. Nc3 Nc6 3. g3 f5 4. Bg2 Nf6 5. e3 g6 6. Nge2 Bg7 7. O-O O-O 8. d3
d6 9. Rb1 Ne7 10. b3 g5 11. f4 gxf4 12. exf4 Ng6 13. d4 e4 14. d5 h5 15. Be3 h4
16. Bd4 hxg3 17. hxg3 Rf7 18. Kf2 c5 19. dxc6 bxc6 20. Bh3 Bh8 21. Rh1 Rh7 22.
Qd2 Qe7 23. Be3 Be6 24. Nd4 Qd7 25. Nce2 Ne7 26. Rbd1 Rd8 27. Nxe6 Qxe6 28. Qa5
Qd7 29. Nd4 d5 30. Nxf5 Rxh3 31. Nxe7+ Qxe7 32. Rxh3 Ng4+ 33. Ke2 Nxe3 34.
Rxh8+ Kxh8 35. Kxe3 Qd6 36. Qxa7 Qg6 37. Qd4+ Kg8 38. Kf2 Qh5 39. Ke3 c5 40.
Qa1 d4+ 41. Kd2 e3+ 42. Kc1 Qe2 43. a4 d3 44. Qc3 d2+ 45. Kc2 Qxd1+ 0-1

[Event "35 Andorra Open"]
[Site "Escaldes"]
[Date "2017.07.27"]
[Round "6.1"]
[White "Santos Latasa, Jaime"]
[Black "Pena Gomez, Manuel"]
[Result "0-1"]
[WhiteElo "2542"]
[BlackElo "2468"]
[PlyCount "92"]
[EventDate "2017.07.22"]
[EventType "swiss"]
[EventRounds "9"]
[EventCountry "AND"]
[WhiteClock "1:30:02"]
[BlackClock "0:32:54"]

1. e4 e5 2. Nf3 Nc6 3. Bb5 Nf6 4. O-O Bc5 5. Nxe5 Nxe5 6. d4 c6 7. dxe5 Nxe4 8.
Bd3 d5 9. exd6 Nf6 10. Re1+ Be6 11. Bc4 O-O 12. Bxe6 fxe6 13. Nc3 Qd7 14. Bg5
Bxf2+ 15. Kxf2 Ne4+ 16. Kg1 Nxg5 17. Qg4 Rf5 18. Rad1 Raf8 19. h4 Nf7 20. Ne4
Qd8 21. b4 Ne5 22. Qg3 Qb6+ 23. Nc5 Nd7 24. Rxe6 Nxc5 25. bxc5 Qxc5+ 26. Kh2
Qf2 27. Re7 Qxg3+ 28. Kxg3 R5f7 29. Rxf7 Kxf7 30. Rf1+ Kg8 31. Rxf8+ Kxf8 32.
Kf4 Ke8 33. Ke5 Kd7 34. g4 b5 35. g5 a5 36. h5 a4 37. h6 gxh6 38. gxh6 b4 39.
Kf6 Kxd6 40. Kg7 Ke7 41. Kxh7 Kf7 42. Kh8 a3 43. Kh7 c5 44. Kh8 c4 45. h7 Kf8
46. c3 b3 0-1

[Event "35 Andorra Open"]
[Site "Escaldes"]
[Date "2017.07.27"]
[Round "6.2"]
[White "Riff, Jean-Noel"]
[Black "Suarez Gomez, Julio"]
[Result "1/2-1/2"]
[WhiteElo "2493"]
[BlackElo "2474"]
[PlyCount "35"]
[EventDate "2017.07.22"]
[EventType "swiss"]
[EventRounds "9"]
[EventCountry "AND"]
[WhiteClock "0:56:31"]
[BlackClock "0:36:57"]

1. e4 e6 2. d4 d5 3. Nc3 Bb4 4. e5 c5 5. Bd2 Nh6 6. a3 Bxc3 7. Bxc3 b6 8. Bb5+
Bd7 9. Bd3 cxd4 10. Bd2 Nc6 11. f4 O-O 12. Nf3 f6 13. O-O Be8 14. Qe1 Bg6 15.
Bb5 Qc8 16. Bxc6 Qxc6 17. Bb4 Rf7 18. Nxd4 1/2-1/2

[Event "35 Andorra Open"]
[Site "Escaldes"]
[Date "2017.07.27"]
[Round "6.3"]
[White "Hansen, Torbjorn Ringdal"]
[Black "Edouard, Romain"]
[Result "0-1"]
[WhiteElo "2429"]
[BlackElo "2622"]
[PlyCount "64"]
[EventDate "2017.07.22"]
[EventType "swiss"]
[EventRounds "9"]
[EventCountry "AND"]
[WhiteClock "0:01:41"]
[BlackClock "0:04:09"]

1. e4 c5 2. Nf3 Nc6 3. Nc3 g6 4. Bb5 Bg7 5. O-O d6 6. e5 dxe5 7. Bxc6+ bxc6 8.
Re1 Qc7 9. d3 c4 10. dxc4 f5 11. Be3 Nf6 12. Qc1 O-O 13. Bh6 Bxh6 14. Qxh6 e4
15. Ng5 e5 16. h3 Qe7 17. f3 exf3 18. gxf3 Ba6 19. b3 Rae8 20. Rad1 Kh8 21. Kh1
Ng8 22. Qh4 h6 23. f4 e4 24. Na4 Qc7 25. Nc5 Bc8 26. Rg1 Qe7 27. b4 Kg7 28. Rd2
hxg5 29. Rxg5 Qf6 30. Rdg2 Ne7 31. Qg3 Rh8 32. h4 Kf7 0-1